000 00757nam a2200193 a 4500
005 20231025063603.0
008 991125c1990 cal 000 0 spa u
035 _aUPN01000008928
049 _aAV
099 _aPVI Q 0379
245 0 0 _aCómo clasificamos a los animales.
260 _aCalifornia (E.U.A.) :
_bAIMS MEDIA,
_c1990.
300 _a1 videocasete (VHS) (14 min.) :
_bson., col.
500 _aContiene un tríptico anexo en inglés con información sobre el contenido
520 _aLos animales se dividen en 2 grandes grupos: invertebrados y vertebrados, los biólogos los clasifican de acuerdo a sus características
650 4 _aAnimales
_xEstudio y enseñanza
_91056
650 2 _aZoología
_xClasificación
_94286
905 _aAudiovisuales
999 _c8928
_d8928